000 00881nmc a2200325 a 4500
003 AR-BaBNM
005 20251128204210.0
008 255019s1993 ||||||||||||||000 | spa||
020 _a950-852-024-8
040 _cAR-BaBNM
100 1 _aMansilla, Lucio V.
_d1831-1913
245 1 0 _aUna excursión a los indios Ranqueles
_n2
260 _aBuenos Aires
_bEspasa-Calpe
_c1993
300 0 _ap. 320-647
490 0 _aAustral. Biblioteca de literatura hispanoamericana
600 1 4 _aRosas, Mariano
650 4 _aLITERATURA ARGENTINA
650 4 _aGENERACION DE 1880
650 4 _aSALON LITERARIO
650 4 _aABORIGENES ARGENTINOS
650 4 _aRANQUELES
650 4 _aPOSITIVISMO
650 4 _aFRONTERAS
650 4 _aACULTURACION
650 4 _aSOCIALIZACION
655 _aLITERATURA
700 1 _aMayer, Marcos
_eprologuista
942 _cBK
998 _cCarmen
999 _c6568
_d6568